000 00503nam a2200181Ia 4500
999 _c23285
_d23285
003 OSt
005 20200210144511.0
008 190216s9999||||xx |||||||||||||| ||und||
020 _a9788182713789
040 _coclc
082 _a320
_bHUS/H
100 _aHussain, N M
_91915
245 0 _aHolocaust Vivadam /
_cN M Hussain
260 _bIslamic Publishing House,
_c2012.
_aKozhikode:
300 _a42p
650 _aIslamic History
942 _cBK
_2ddc
_h320
_iHUS/H
_k320
_mHUS/H